00509nam a2200193 a 4500001001300000003000900013005001700022008004100039020002300080082001500103100002100118245003800139260004000177300000900217500003500226505001000261650002300271700002100294nice12345678IN_TiNIC20260116014451.0070427s2003 lona grp 000 0 eng  a1860642136 c39500a297.1bBUR aBurgat, Francois aFace to Face With Political Islam aLondon bI.B.Tauris & Co.Ltd c2003 a230p aincludes index and biblioraphy2 aIndex aIslam-20th Century1 aBurgat, Francois